[Event "Odysseus EMT 2000"]
[Site "Soborg"]
[Date "2000.??.??"]
[Round "1"]
[White "Jorgensen, Orla Eilegaard"]
[Black "Berg, Soren"]
[Result "0-1"]
[WhiteElo "1261"]
[BlackElo "2012"]
[PlyCount "66"]
[EventDate "2000.04.27"]

1. Nf3 f5 2. d4 Nf6 3. c4 e6 4. a3 d5 5. c5 b6 6. b4 Be7 7. Bf4 Ba6 8. Nc3 O-O
9. Ng5 Bc8 10. e3 Ne4 11. Ngxe4 fxe4 12. Nb5 Na6 13. cxb6 axb6 14. Rc1 c5 15.
bxc5 bxc5 16. dxc5 Nxc5 17. Bc7 Qd7 18. Bb6 Na6 19. Bd4 Bb7 20. Be2 Bf6 21. O-O
e5 22. Bb2 Rad8 23. Qb3 Kh8 24. Rfd1 Qf7 25. Rd2 Bh4 26. f3 Bg5 27. Bxe5 d4 28.
Qxf7 Bxe3+ 29. Kh1 Rxf7 30. Bc4 exf3 31. Bxf7 fxg2+ 32. Rxg2 Bxg2+ 33. Kxg2
Bxc1 0-1

[Event "Odysseus EMT 2000"]
[Site "Soborg"]
[Date "2000.??.??"]
[Round "1"]
[White "Olsen, Jonas Bagge"]
[Black "Bronnum, Jan"]
[Result "0-1"]
[WhiteElo "1612"]
[BlackElo "2185"]
[PlyCount "72"]
[EventDate "2000.04.27"]

1. e4 d5 2. exd5 Qxd5 3. Nc3 Qa5 4. d4 Nf6 5. Bd3 Nc6 6. Nge2 Be6 7. Bd2 Qh5 8.
Be3 O-O-O 9. Ne4 Nxe4 10. Bxe4 Bd5 11. Ng3 Qxd1+ 12. Rxd1 e6 13. Bxd5 Rxd5 14.
c3 Be7 15. O-O Rhd8 16. f4 g6 17. b4 f5 18. Ne2 Bf6 19. Nc1 Ne7 20. Nd3 b6 21.
Ne5 Bxe5 22. fxe5 Nc6 23. Bf4 a5 24. a3 Na7 25. Be3 Nc6 26. Bf4 Kb7 27. Rd2
Nxe5 28. Re2 Nc4 29. Rxe6 Nxa3 30. Rfe1 axb4 31. cxb4 Rxd4 32. Bg5 R8d7 33. Ra1
Nc2 34. Ra4 Nxb4 35. Be7 c5 36. Bf6 R4d6 0-1

[Event "Odysseus EMT 2000"]
[Site "Soborg"]
[Date "2000.??.??"]
[Round "1"]
[White "Tjornsted, Peter"]
[Black "Nielsen, Jesper Arwid"]
[Result "0-1"]
[WhiteElo "1847"]
[BlackElo "2080"]
[PlyCount "80"]
[EventDate "2000.04.27"]

1. d4 Nf6 2. Nf3 c5 3. e3 g6 4. Be2 b6 5. O-O Bg7 6. c3 O-O 7. Nbd2 Bb7 8. Re1
d6 9. Bd3 Nc6 10. Ne4 Nxe4 11. Bxe4 d5 12. Bd3 e5 13. Bb5 e4 14. Nd2 cxd4 15.
exd4 Ne7 16. Nf1 h6 17. Be3 f5 18. f4 Qd6 19. a4 a5 20. Ng3 Rac8 21. Rc1 Bc6
22. Ba6 Rc7 23. Qb3 Ba8 24. Red1 g5 25. Ne2 Ng6 26. g3 Bf6 27. c4 Rg7 28. Kf1
gxf4 29. Nxf4 Bg5 30. Nxd5 Bxd5 31. cxd5 f4 32. Bf2 fxg3 33. Qxg3 Qxg3 34. hxg3
Bxc1 35. Rxc1 e3 36. Rc6 Rxf2+ 37. Ke1 Rxb2 38. Re6 Nf8 39. Rxe3 Rb4 40. Rd3
Rd7 0-1

[Event "Odysseus EMT 2000"]
[Site "Soborg"]
[Date "2000.??.??"]
[Round "1"]
[White "Brammer, Esben Benedict"]
[Black "Aude, Jacob"]
[Result "0-1"]
[WhiteElo "1442"]
[BlackElo "1415"]
[PlyCount "90"]
[EventDate "2000.04.27"]

1. Nf3 d5 2. d4 Nf6 3. c3 e6 4. Bg5 Be7 5. Nbd2 Nbd7 6. e3 O-O 7. Qc2 c5 8. b3
b6 9. Bd3 h6 10. Bf4 Bb7 11. h3 Rc8 12. g4 cxd4 13. exd4 Bb4 14. Nb1 Ne4 15.
Bxe4 dxe4 16. Ne5 Nxe5 17. Bxe5 e3 18. Rg1 f6 19. Bg3 Qxd4 20. fxe3 Qxe3+ 21.
Kf1 Bxc3 22. Nxc3 Rxc3 23. Qe2 Rd8 24. Qxe3 Rxe3 25. Kf2 Red3 26. Rae1 e5 27.
Re3 Rd2+ 28. Re2 Ba6 29. Rxd2 Rxd2+ 30. Ke3 Re2+ 31. Kf3 Rxa2 32. Rc1 Bb7+ 33.
Ke3 Bd5 34. Rc3 Ra3 35. Kd2 Rxb3 36. Rxb3 Bxb3 37. Kc3 Bd5 38. Kb4 Bc6 39. Kc4
Kf7 40. Bf2 Ke6 41. Be3 f5 42. gxf5+ Kxf5 43. Kd3 g5 44. Bd2 h5 45. Ke3 Bg2 0-1

[Event "Odysseus EMT 2000"]
[Site "Soborg"]
[Date "2000.??.??"]
[Round "2"]
[White "Bronnum, Jan"]
[Black "Friis, Jesper"]
[Result "1-0"]
[WhiteElo "2185"]
[BlackElo "1634"]
[PlyCount "47"]
[EventDate "2000.04.27"]

1. d4 Nf6 2. Nf3 e6 3. e3 c5 4. Bd3 b6 5. O-O Bb7 6. Nbd2 Nc6 7. a3 Be7 8. b3
cxd4 9. exd4 O-O 10. Bb2 d5 11. Qe2 Rc8 12. Ne5 Nxe5 13. dxe5 Nd7 14. f4 Nc5
15. f5 Nxd3 16. Qxd3 exf5 17. Rxf5 Bc5+ 18. Kh1 Qh4 19. Raf1 Rc6 20. Qf3 Rh6
21. h3 Rb8 22. Rf4 Qh5 23. Rxf7 d4 24. Rxb7 1-0

[Event "Odysseus EMT 2000"]
[Site "Soborg"]
[Date "2000.??.??"]
[Round "2"]
[White "Berg, Soren"]
[Black "Nielsen, Jesper Arwid"]
[Result "1/2-1/2"]
[WhiteElo "2012"]
[BlackElo "2080"]
[PlyCount "52"]
[EventDate "2000.04.27"]

1. e4 c5 2. f4 Nc6 3. Nf3 g6 4. Bc4 e6 5. d3 Bg7 6. O-O Nge7 7. Qe1 d5 8. Bb5
O-O 9. c3 Qb6 10. Bxc6 Qxc6 11. Qh4 dxe4 12. dxe4 Re8 13. Nbd2 f5 14. e5 b5 15.
Nb3 Nd5 16. Bd2 Ba6 17. Rfe1 Rad8 18. Qf2 Bf8 19. Rac1 Rd7 20. Kh1 Red8 21. a3
Be7 22. h4 h5 23. Kh2 Nb6 24. Be3 Rd5 25. Na5 Qc7 26. b4 Nc4 1/2-1/2

[Event "Odysseus EMT 2000"]
[Site "Soborg"]
[Date "2000.??.??"]
[Round "2"]
[White "Aude, Jacob"]
[Black "Reusch, Simon"]
[Result "0-1"]
[WhiteElo "1415"]
[BlackElo "1750"]
[PlyCount "80"]
[EventDate "2000.04.27"]

1. c4 e5 2. Nc3 f5 3. Nf3 Nc6 4. d4 e4 5. Ne5 Nf6 6. Bg5 d6 7. Nxc6 bxc6 8. e3
Be7 9. Be2 O-O 10. O-O Bd7 11. f3 exf3 12. gxf3 h6 13. Bh4 Nh5 14. Bf2 f4 15.
Kh1 Bh4 16. Qe1 Bxf2 17. Qxf2 fxe3 18. Qxe3 Nf4 19. Rg1 Qh4 20. Rg3 Rae8 21.
Qf2 Qf6 22. Rd1 Bf5 23. Bf1 Be6 24. Ne4 Qf7 25. Qc2 Nh5 26. Nd2 Nxg3+ 27. hxg3
Qh5+ 28. Kg1 Bh3 29. Bd3 Bf5 30. Bxf5 Qxf5 31. Qxf5 Rxf5 32. Kf2 Rh5 33. g4
Rh2+ 34. Kg3 Ree2 35. Nb3 Rxb2 36. Re1 Rbe2 37. Rxe2 Rxe2 38. d5 c5 39. Kf4
Rxa2 40. Kf5 Ra3 0-1

[Event "Odysseus EMT 2000"]
[Site "Soborg"]
[Date "2000.??.??"]
[Round "2"]
[White "Jorgensen, Orla Eilegaard"]
[Black "Tjornsted, Peter"]
[Result "0-1"]
[WhiteElo "1261"]
[BlackElo "1847"]
[PlyCount "106"]
[EventDate "2000.04.27"]

1. e4 g6 2. d4 Bg7 3. Nf3 d6 4. Bc4 c6 5. O-O Nd7 6. Ng5 d5 7. exd5 Nb6 8. Nxf7
Kxf7 9. Qf3+ Nf6 10. dxc6+ Nxc4 11. cxb7 Bxb7 12. Qxb7 Qc8 13. Qf3 Rd8 14. c3
Rb8 15. b3 Nd6 16. Bf4 Qg4 17. Nd2 Qxf3 18. Nxf3 Nd5 19. Bxd6 Rxd6 20. c4 Nf4
21. Rad1 Ne2+ 22. Kh1 Nxd4 23. Ng5+ Kg8 24. Rfe1 e5 25. Ne4 Ra6 26. Rd2 Rc6 27.
Nc3 a6 28. Ne4 Rb7 29. f3 Nf5 30. Nc3 Nd4 31. Nd5 a5 32. Nc3 Rd7 33. Ne4 a4 34.
Red1 axb3 35. axb3 Rb7 36. Rd3 Rxb3 37. Rxb3 Nxb3 38. Rd8+ Bf8 39. h3 Nc5 40.
Nd2 Rd6 41. Rxd6 Bxd6 42. Kg1 Kf7 43. Kf2 Bf8 44. Ke2 Bh6 45. Ne4 Nxe4 46. fxe4
Ke6 47. Kd3 Kd6 48. Kc2 Kc5 49. Kc3 Bf4 50. g4 g5 51. Kb3 Bd2 52. Kc2 Bb4 53.
Kd3 h6 0-1

[Event "Odysseus EMT 2000"]
[Site "Soborg"]
[Date "2000.??.??"]
[Round "3"]
[White "Aude, Jacob"]
[Black "Berg, Soren"]
[Result "1/2-1/2"]
[WhiteElo "1415"]
[BlackElo "2012"]
[PlyCount "53"]
[EventDate "2000.04.27"]

1. d4 e6 2. Nf3 f5 3. g3 Nf6 4. Bg2 d5 5. O-O Bd6 6. c4 c6 7. b3 Qe7 8. Bb2 O-O
9. Nbd2 b6 10. Rc1 Bb7 11. Ne5 Nbd7 12. cxd5 cxd5 13. Ndc4 Ne4 14. Nxd6 Qxd6
15. f3 Nef6 16. Qd2 a5 17. Rc2 Nb8 18. Rfc1 Na6 19. a3 Nd7 20. Nd3 Rac8 21. Qe3
Rxc2 22. Rxc2 Rc8 23. Rxc8+ Bxc8 24. Qc1 Qc7 25. Qxc7 Nxc7 26. Kf2 Ba6 27. Ke3
1/2-1/2

[Event "Odysseus EMT 2000"]
[Site "Soborg"]
[Date "2000.??.??"]
[Round "3"]
[White "Reusch, Simon"]
[Black "Bronnum, Jan"]
[Result "0-1"]
[WhiteElo "1750"]
[BlackElo "2185"]
[PlyCount "56"]
[EventDate "2000.04.27"]

1. e4 d5 2. d4 dxe4 3. Nc3 Nf6 4. f3 exf3 5. Nxf3 Bg4 6. h3 Bh5 7. g4 Bg6 8.
Ne5 Nbd7 9. Nxg6 hxg6 10. Bf4 c6 11. Bg2 Nb6 12. O-O e6 13. Qd3 Bd6 14. Bg5 Be7
15. Bd2 O-O 16. Rae1 Nbd5 17. Ne4 Nxe4 18. Bxe4 Qd6 19. a3 Rad8 20. c4 Nf6 21.
Bb4 Qd7 22. Bxe7 Qxe7 23. d5 Nxe4 24. Rxe4 Qc5+ 25. Kh1 cxd5 26. b4 dxe4 27.
Qxd8 Qxc4 28. Qd1 Qd3 0-1

[Event "Odysseus EMT 2000"]
[Site "Soborg"]
[Date "2000.??.??"]
[Round "3"]
[White "Tjornsted, Peter"]
[Black "Olsen, Jonas Bagge"]
[Result "1-0"]
[WhiteElo "1847"]
[BlackElo "1612"]
[PlyCount "75"]
[EventDate "2000.04.27"]

1. d4 d5 2. Nf3 Bf5 3. Bf4 Nd7 4. e3 Ngf6 5. Nbd2 Ne4 6. Nh4 Nxd2 7. Qxd2 Bg6
8. Nxg6 hxg6 9. Bd3 e6 10. h3 a5 11. a3 Nf6 12. c3 Bd6 13. Bxd6 Qxd6 14. Qc2 g5
15. Qb3 Rb8 16. Qa4+ c6 17. Qxa5 g4 18. Qb4 Qc7 19. O-O-O gxh3 20. gxh3 e5 21.
Rdg1 g6 22. f3 Rh4 23. c4 exd4 24. Qe1 Rh5 25. exd4+ Kd7 26. Qd2 Rbh8 27. Qc2
Qf4+ 28. Kb1 Qxd4 29. Rf1 Qf4 30. Qb3 Kc8 31. Re1 Re5 32. Rc1 Re3 33. cxd5 Qd4
34. Rhd1 Nxd5 35. Rxc6+ bxc6 36. Ba6+ Kd8 37. Qb8+ Ke7 38. Qb7+ 1-0

[Event "Odysseus EMT 2000"]
[Site "Soborg"]
[Date "2000.??.??"]
[Round "3"]
[White "Friis, Jesper"]
[Black "Nielsen, Jesper Arwid"]
[Result "0-1"]
[WhiteElo "1634"]
[BlackElo "2080"]
[PlyCount "46"]
[EventDate "2000.04.27"]

1. e4 c5 2. Nf3 e6 3. d4 cxd4 4. Nxd4 Nf6 5. Nc3 Bb4 6. Bg5 Bxc3+ 7. bxc3 Qa5
8. Nb3 Qxg5 9. Qf3 Qg4 10. Qxg4 Nxg4 11. h3 Nf6 12. e5 Ne4 13. c4 b6 14. Bd3
Bb7 15. f3 Nc5 16. O-O-O Nc6 17. Nxc5 bxc5 18. Be4 Na5 19. Bd3 Ba6 20. Be4 Rb8
21. Rd6 Rb6 22. Rxb6 axb6 23. Rd1 Ke7 0-1

[Event "Odysseus EMT 2000"]
[Site "Soborg"]
[Date "2000.??.??"]
[Round "4"]
[White "Nielsen, Jesper Arwid"]
[Black "Bronnum, Jan"]
[Result "1-0"]
[WhiteElo "2080"]
[BlackElo "2185"]
[PlyCount "155"]
[EventDate "2000.04.27"]

1. e4 d5 2. exd5 Qxd5 3. Nc3 Qa5 4. d4 Nf6 5. Nf3 c6 6. Bc4 Bf5 7. Ne5 e6 8. g4
Bg6 9. Bd2 Qb6 10. Qe2 Bb4 11. O-O-O Nbd7 12. Nxd7 Kxd7 13. Na4 Bxd2+ 14. Rxd2
Qc7 15. Nc5+ Kc8 16. h4 h5 17. g5 Nd7 18. Bxe6 fxe6 19. Qxe6 Bh7 20. d5 Rd8 21.
d6 Qa5 22. Nxd7 Rxd7 23. g6 Bxg6 24. Qxg6 Qxa2 25. Qe8+ Rd8 26. d7+ Kc7 27.
Qe5+ Kb6 28. Qd4+ Kc7 29. Qd6+ Kb6 30. Rd3 Qa1+ 31. Kd2 Qa5+ 32. c3 Qf5 33. f4
a5 34. Re1 Qb5 35. Kc1 Ka6 36. Re5 Qa4 37. Kb1 Qb3 38. Qc7 Qb6 39. Qxb6+ Kxb6
40. Re7 Rg8 41. Kc2 Rad8 42. Kd2 Kc7 43. Ke3 g6 44. Ke4 Rgf8 45. Rg7 Rf6 46.
Rd4 Re6+ 47. Kf3 b5 48. Rd3 c5 49. Rd5 Kc6 50. Rg5 Rxd7 51. Rxd7 Kxd7 52. Rxc5
Rb6 53. Ke4 b4 54. Rxa5 bxc3 55. bxc3 Rc6 56. Kd4 Rf6 57. Ra7+ Kc8 58. Ke5 Rb6
59. c4 Rb2 60. Ra4 Rf2 61. c5 Rc2 62. Kd6 Rd2+ 63. Kc6 Kd8 64. Ra8+ Ke7 65. Rg8
Kf7 66. Rh8 Rd4 67. Kb7 Rb4+ 68. Kc7 Rxf4 69. c6 Rxh4 70. Rd8 Rc4 71. Kb7 Rb4+
72. Ka6 Ra4+ 73. Kb5 Ra7 74. Kb6 Ra1 75. Rd5 Rb1+ 76. Rb5 Re1 77. c7 h4 78. Rc5
1-0

[Event "Odysseus EMT 2000"]
[Site "Soborg"]
[Date "2000.??.??"]
[Round "4"]
[White "Friis, Jesper"]
[Black "Aude, Jacob"]
[Result "1/2-1/2"]
[WhiteElo "1634"]
[BlackElo "1415"]
[PlyCount "74"]
[EventDate "2000.04.27"]

1. e4 c6 2. d4 d5 3. Nc3 dxe4 4. Nxe4 Nf6 5. Nxf6+ gxf6 6. Bf4 Bf5 7. Nf3 e6 8.
Bd3 Bg6 9. c3 Bd6 10. Bxd6 Qxd6 11. Qe2 Nd7 12. O-O-O O-O-O 13. Bxg6 hxg6 14.
h3 Nb6 15. Rhe1 Rh5 16. Qe4 Nc4 17. Nd2 Nxd2 18. Rxd2 c5 19. Red1 c4 20. g4 Rd5
21. f3 Qa6 22. a3 Qd6 23. h4 Rh8 24. Rh1 Qg3 25. Rdh2 f5 26. Qe2 Qf4+ 27. Kb1
b5 28. a4 a6 29. axb5 axb5 30. Kc2 Kb7 31. h5 g5 32. gxf5 Rxf5 33. Qe4+ Kb6 34.
h6 Qxf3 35. Qxf3 Rxf3 36. h7 g4 37. Rh4 Rf2+ 1/2-1/2

[Event "Odysseus EMT 2000"]
[Site "Soborg"]
[Date "2000.??.??"]
[Round "4"]
[White "Jorgensen, Orla Eilegaard"]
[Black "Brammer, Esben Benedict"]
[Result "0-1"]
[WhiteElo "1261"]
[BlackElo "1442"]
[PlyCount "120"]
[EventDate "2000.04.27"]

1. e4 e5 2. Nc3 c6 3. f4 exf4 4. Nf3 Bc5 5. d4 Bb4 6. Bc4 d5 7. exd5 cxd5 8.
Bb5+ Bd7 9. O-O Bxc3 10. Bxd7+ Nxd7 11. bxc3 Ngf6 12. Ba3 Ne4 13. Re1 Qc7 14.
Ng5 Ndf6 15. Qd3 O-O-O 16. Nxe4 dxe4 17. Qb5 h5 18. Rab1 Rd5 19. Qb3 e3 20. Bc1
Rg5 21. c4 Ng4 22. Rf1 f3 23. g3 f2+ 24. Kg2 Rg6 25. Bxe3 Nxh2 26. Bxf2 Nxf1
27. Kxf1 Rf6 28. Re1 h4 29. gxh4 Qh2 30. Qe3 Qxh4 31. Ke2 Qg4+ 32. Kd2 Re6 33.
Qa3 Qg5+ 34. Be3 Qg2+ 35. Re2 Qg6 36. Qxa7 Ra6 37. Qc5+ Qc6 38. Qf5+ Qe6 39.
Qc5+ Rc6 40. Qa5 Qxc4 41. Qa8+ Kd7 42. Qxh8 Qxc2+ 43. Ke1 Qb1+ 44. Kf2 Rf6+ 45.
Kg3 Qg6+ 46. Kh2 Rf3 47. Qh4 Qd6+ 48. Kg2 Qd5 49. Qg4+ Rf5+ 50. Kg3 Kd8 51.
Qh4+ g5 52. Qg4 Qd6+ 53. Kg2 Qc6+ 54. Kg1 Qb5 55. Qg3 Qxe2 56. Qd6+ Ke8 57.
Qb8+ Ke7 58. Qc7+ Kf6 59. Qd6+ Kg7 60. Qg3 Rf1# 0-1

[Event "Odysseus EMT 2000"]
[Site "Soborg"]
[Date "2000.??.??"]
[Round "5"]
[White "Friis, Jesper"]
[Black "Brammer, Esben Benedict"]
[Result "1-0"]
[WhiteElo "1634"]
[BlackElo "1442"]
[PlyCount "119"]
[EventDate "2000.04.27"]

1. e4 e5 2. Nf3 d6 3. Bc4 Be7 4. d4 exd4 5. Qxd4 Bf6 6. Qd3 Nc6 7. c3 Nge7 8.
Be3 Ng6 9. Nbd2 Nce5 10. Nxe5 Nxe5 11. Qc2 Nxc4 12. Nxc4 Be6 13. Nd2 Qe7 14.
O-O h6 15. Bd4 O-O 16. Rfe1 Bxd4 17. cxd4 c6 18. Rac1 Qg5 19. Nf3 Qg6 20. b3 f5
21. e5 Bd5 22. Qd3 Be4 23. Qe2 dxe5 24. dxe5 Rae8 25. g3 Qg4 26. Nd2 Qxe2 27.
Rxe2 Bd5 28. f4 b5 29. Nb1 g5 30. Nc3 Bf3 31. Re3 Bh5 32. Ne2 Bxe2 33. Rxe2
gxf4 34. gxf4 Re6 35. Rd1 Rf7 36. Rd8+ Kh7 37. Kf2 Rg7 38. Re3 Rg8 39. Red3
Rxd8 40. Rxd8 Kg6 41. Ke3 Kf7 42. Rd7+ Kg6 43. Kd4 Kh5 44. Rd6 Re7 45. e6 Kg4
46. Ke5 h5 47. Rd7 Re8 48. e7 h4 49. Kf6 Kxf4 50. Rd8 Rxe7 51. Kxe7 Kg4 52. Ke6
f4 53. Ke5 Kh3 54. Rd2 f3 55. Kf4 c5 56. Kxf3 a5 57. Rc2 c4 58. bxc4 bxc4 59.
Rxc4 Kxh2 60. Rxh4+ 1-0

[Event "Odysseus EMT 2000"]
[Site "Soborg"]
[Date "2000.??.??"]
[Round "5"]
[White "Jorgensen, Orla Eilegaard"]
[Black "Olsen, Jonas Bagge"]
[Result "1-0"]
[WhiteElo "1261"]
[BlackElo "1612"]
[PlyCount "43"]
[EventDate "2000.04.27"]

1. e4 c5 2. c3 d6 3. d4 cxd4 4. cxd4 g6 5. Nf3 Bg7 6. Nc3 Nc6 7. Bc4 Bg4 8.
Bxf7+ Kf8 9. Be3 Qb6 10. Bb3 Qa6 11. h3 Bxf3 12. Qxf3+ Nf6 13. Nd5 Re8 14. Nf4
Nd8 15. Nd5 Nf7 16. Rc1 Nxd5 17. Bxd5 Bf6 18. e5 dxe5 19. dxe5 e6 20. Qxf6 h6
21. Bc5+ Kg8 22. Qxg6# 1-0

[Event "Odysseus EMT 2000"]
[Site "Soborg"]
[Date "2000.??.??"]
[Round "5"]
[White "Reusch, Simon"]
[Black "Nielsen, Jesper Arwid"]
[Result "0-1"]
[WhiteElo "1750"]
[BlackElo "2080"]
[PlyCount "70"]
[EventDate "2000.04.27"]

1. e4 c5 2. Nc3 e6 3. f4 Qc7 4. d3 Nc6 5. Nf3 a6 6. g3 g6 7. Bg2 Bg7 8. O-O
Nge7 9. Ne2 f5 10. e5 d6 11. exd6 Qxd6 12. c3 O-O 13. Be3 Rd8 14. d4 cxd4 15.
Nexd4 Nd5 16. Bf2 Bd7 17. Re1 h6 18. Qb3 Na5 19. Qc2 Rac8 20. Rad1 Nc4 21. h4
b5 22. Qe2 Re8 23. h5 gxh5 24. Nh4 Qf8 25. Qxh5 Nf6 26. Qg6 Nxb2 27. Rd2 Nc4
28. Rde2 Qf7 29. Bb7 Rb8 30. Bxa6 Qxg6 31. Nxg6 Rb6 32. Bxb5 Bxb5 33. Nxe6
Rbxe6 34. Rxe6 Rxe6 35. Rxe6 Kf7 0-1

[Event "Odysseus EMT 2000"]
[Site "Soborg"]
[Date "2000.??.??"]
[Round "5"]
[White "Bronnum, Jan"]
[Black "Tjornsted, Peter"]
[Result "1/2-1/2"]
[WhiteElo "2185"]
[BlackElo "1847"]
[PlyCount "106"]
[EventDate "2000.04.27"]

1. d4 d5 2. Nf3 Nf6 3. Bf4 Bf5 4. e3 e6 5. c4 c6 6. Qb3 Qb6 7. c5 Qxb3 8. axb3
Nh5 9. Nc3 Nxf4 10. exf4 Nd7 11. b4 Be7 12. b5 O-O 13. Ne5 Rfd8 14. bxc6 Nxe5
15. c7 Nf3+ 16. gxf3 Rdc8 17. Kd2 a6 18. b4 Bf6 19. Ke3 Rxc7 20. Ra3 Rb8 21.
Na4 Bd8 22. Be2 Re7 23. Rc1 f6 24. Bd3 Bh3 25. Nc3 Bc7 26. b5 Bf5 27. Bxf5
exf5+ 28. Kd3 Bxf4 29. Rb1 Rd8 30. bxa6 bxa6 31. h3 Ra7 32. Rb6 Kf7 33. Rbxa6
Rxa6 34. Rxa6 g5 35. Ra7+ Kg6 36. c6 h5 37. Nxd5 Rxd5 38. c7 Bxc7 39. Rxc7 Rd8
40. Kc4 g4 41. fxg4 fxg4 42. hxg4 h4 43. f4 h3 44. Kd3 Rh8 45. Rc1 Rh4 46. Rh1
Rxg4 47. Ke4 Rh4 48. Rh2 Rh5 49. Kf3 Kf5 50. d5 Rh4 51. Kg3 Rxf4 52. Rd2 Rg4+
53. Kxh3 Rg7 1/2-1/2